00493nam a2200205Ia 450000500170000000800460001702000180006303700100008104000080009104000080009904000080010704100080011504100080012308400080013124500390013926000310017826000090020965000200021885600490023820260306150657.0008 260114s9999 xx 000 0 eng d a9781400839834 aEbook aCRL beng cCRL 2eng aeng qCRL 0aIntroduction to Jungian Psychology bPrinceton University Press c2012 aSocial Sciences uhttps://www.degruyter.com/isbn/9781400839834